| 000 | 00815nam a22002177a 4500 | ||
|---|---|---|---|
| 005 | 20111209164617.0 | ||
| 010 | _aB-444573 | ||
| 020 |
_a9781865044156 _c195.00 |
||
| 035 | _aB-444573 | ||
| 037 | _bBlueberry /Ven | ||
| 082 | _aS | ||
| 100 |
_aRodda, Emily _938979 |
||
| 245 |
_aThe valley of the lost / _cby Emily Rodda |
||
| 260 |
_aLindfield NSW _bScholastic Press _c2007(repr.). |
||
| 270 |
_a345 Pacific Highway _bLindfield NSW _e2070 |
||
| 300 |
_a120p. _c20cm(pbk) |
||
| 490 |
_aDeltora quest;7 _938980 |
||
| 942 |
_2ddc _cCH _mROD _hS |
||
| 999 |
_c59232 _d59232 |
||